000
00403nam a22001697a 4500
003
MPLRDC
005
20220104124854.0
008
210129b ||||| |||| 00| 0 eng d
082
_a
857.7 HQF
100
_a
黄秋芳
245
_a
小乖乖的茉莉茶
_c
260
_a
_b
小说创作杂志社
_c
300
_b
平
490
_a
开端文丛. 8
650
_a
长篇小说
942
_c
BK
_o
857.7 HQF
999
_c
22829
_d
22819